000 00718nam a2200229Ia 4500
003 OSt
005 20221005133628.0
006 a|||||r|||| 00| 0
007 ta
008 221004b |||||||| |||| 00| 0 hin d
024 _a65493
037 _cTextual
040 _aCRL
_cCRL
_bhin
041 _2hin
_ahin
082 _aM95.237, 152J3
100 _aविजयवर्गीय, रामगोपाल, ले.
_9160567
245 0 _aराजस्थानी चित्रकला
246 _aRājasthānī chitrakalā
260 _c1953
942 _hM95.237, 152J3
_cTEXL
_2cc
999 _c1067377
_d1067377